00766nam a2200241Ia 4500003000400000005001700004006001800021007000300039008004100042024001000083037001100093040001800104041001300122100003400135110007700169245011600246260000900362650001300371700003200384700007700416942001200493999001900505OSt20220930084508.0a|||||r|||| 00| 0ta220926b |||||||| |||| 00| 0 eng d a84297 cTheses aCRLcCRLbeng 2engaeng aLakshman Ramachandran9537795 aUniversity of Delhi. Faculty of Medical Sciences. Department of Medicine 0aStudy of prevalence of hyperhomocysteinemia in type-2 diabetics and its correlation with diabetic complications c2005 aMEDICINE a Dr. N. S. Negi Gu.9537796 aUniversity of Delhi. Faculty of Medical Sciences. Department of Medicine cDIS2CC c877299d877299